000 00793nam a22002297a 4500
999 _c168038
_d168038
005 20190925143203.0
010 _aENG-126544
020 _c400.00
_a9789353436926
035 _aEN-110076
037 _bDBAD/PUB
082 _a305.235
100 _aDeb , Sibnath
245 _aChidhood To Adolescence :
_cSibnath Deb [et...all]
_bIssues And Concerns /
260 _aNoida
_bPearson India education services pvt. ltd
_c2020
270 _bU.P
_a15th floor,tower-b,world trade tower ,plot no. 1,bllock -c,sector 16 Noida
_e201301
_mcompanysecretary.india@pearson.com
_k04466540100
300 _a529p..
_c24cm,(pbk)
500 _aincluding index
700 _aBhadra, Subhasis
700 _aSunny, Aleena Maria
700 _aSahay, Seema
942 _2ddc
_cEN
_h305.235
_mDEB